Animal Anagram Quiz - Statistics

General Stats
  • This quiz has been taken 26 times
  • The average score is 14 of 20
Answer Stats
Anagram Answer % Correct
PADAN PANDA
89%
GIRTE TIGER
89%
PEA APE
84%
LTBEETE BEETLE
84%
TOGA GOAT
84%
SNEAK SNAKE
84%
RGDEBA BADGER
79%
AUNT TUNA
79%
NECKHIC CHICKEN
74%
KENOMY MONKEY
74%
RAPTOR PARROT
74%
BRATBI RABBIT
74%
DCORCLIEO CROCODILE
68%
OAKORGAN KANGAROO
63%
ERLUM LEMUR
63%
BOLSTER LOBSTER
63%
TORTE OTTER
58%
HINDLOP DOLPHIN
53%
TEHRMAS HAMSTER
53%
HALTPEEN ELEPHANT
47%
No matching quizzes found
Score Distribution
Percent of People with Each Score
Percentile by Number Answered
Your Score History
You have not taken this quiz